| 000 | 00569cam a22002291 4500 | ||
|---|---|---|---|
| 001 | sa 63001891 | ||
| 003 | DLC | ||
| 005 | 20260227111930.0 | ||
| 008 | 890824s1962 ii 000 0 gujo | ||
| 010 | _asa 63001891 | ||
| 035 | _a(OCoLC)20241987 | ||
| 040 |
_aDLC _cWaU _dDLC |
||
| 042 | _apremarc | ||
| 043 | _aa-ii--- | ||
| 050 | 0 | 0 |
_aPK1852 _b.J5 |
| 100 | 1 |
_aJhaveri, Mansukhlal Maganlal, _d1907- |
|
| 245 | 1 | 0 | _aKāvyavimarśa. |
| 260 | _c[1962] | ||
| 300 |
_a192 p. _c19 cm. |
||
| 500 | _aIn Gujarati. | ||
| 650 | 0 |
_aGujarati poetry _xHistory and criticism. |
|
| 999 |
_c54203 _d54203 |
||